[Event "Moscow Aeroflot op-A"]
[Site "Moscow"]
[Date "2003.02.11"]
[Round "1"]
[White "Danielian, Oganes"]
[Black "Aleksandrov, Aleksej"]
[Result "0-1"]
[WhiteElo "2521"]
[BlackElo "2633"]
[Annotator "Ribli,Z"]
[PlyCount "56"]
[EventDate "2003.02.10"]
[EventType "swiss"]
[EventRounds "9"]
[EventCountry "RUS"]
[SourceTitle "CBM 094"]
[Source "ChessBase"]
[SourceDate "2003.05.26"]
[SourceVersion "1"]
[SourceVersionDate "2003.05.26"]
[SourceQuality "1"]

1. d4 Nf6 2. c4 e6 3. Nc3 Bb4 4. Nf3 d5 {Großmeister Aleksandrov spielt gern
die Ragozin Variante des Damengambits.} 5. Bg5 Nbd7 {Ich muss bemerken, dass
Schwarz statt 5...Nbd7 mit 5...dxc4 kann das Spiel in die Wiener Variante
überleiten kann, wenn er will.} 6. cxd5 exd5 7. e3 (7. Qc2 $5 {Der Vorteil des
Zuges ist, dass Weiß nach 7...c5 8.dxc5 Qa5 9.Bd2 spielen kann.}) 7... O-O 8.
Bd3 c5 9. Qc2 Qa5 10. O-O c4 11. Bf5 Re8 12. Nd2 g6 13. Bxd7 (13. Bh3 {Dieser
Zug waere die Alternative zu 13.Bxd7.}) 13... Nxd7 14. Rfe1 {Mit diesem
Turmzug moechte Weiß den Zentrumvorstoss e3-e4 vorbereiten. Aber statt der
Partiefortsetzung bieten die Alternativen 14.f3, oder 14.h4 ihm mehr Chancen
auf Eroeffnungsvorteil.} (14. h4) (14. f3) (14. Rae1) (14. h4 Nb6 15. Nb3 Qa6
16. Nc5 Qa5 17. a4 Bf5 18. e4 dxe4 19. Nxb7 Qa6 20. Nc5 Qc8 {1/2-1/2 Kempinski,
R-Tischbierek,R/Luebeck GER 2002/(42)}) 14... Nb6 (14... Bxc3 15. bxc3 Nb6 16.
f3 Bd7) 15. h4 {Auf diese Weise verteidigt Weiß vorher den Bg5, weil sonst im
Falle von e4 dxe4 die Dame von a5 den Läufer horizontal bedrohen würde.} (15.
f3 Bd7 (15... Bxc3 16. bxc3 Bd7 17. Rab1 Bc6 18. Bf4 Na4 19. Rbc1 Re6 20. e4
Rae8 21. Re3 b5 22. Rb1 {1-0 Javakhishvili,L-Gvetadze,S/Batumi 2001/EXT 2002 
(45)}) 16. e4 $6 (16. h4) 16... dxe4 17. h4 Bxc3 18. Qxc3 Qxc3 19. bxc3 exf3
20. Ne4 Nd5 {0-1 Ftacnik,L-Blatny,P/Stara Zagora 1990/CBM 17 (53)}) 15... Bf5
$15 {[%mdl 4] Schwarz hat das Läuferpaar und positionellen Druck auf den
weißen Feldern.} 16. e4 (16. Qc1 Rac8 $15 (16... Na4 17. Nb3 $8 cxb3 18. axb3 {
[%cal Ga1a5]} Bxc3 19. bxc3 (19. Rxa4 Bxe1 20. Rxa5 Bxa5 $19) 19... Qxc3 20.
bxa4 Rac8 $11)) 16... dxe4 (16... Bxc3 17. bxc3 (17. Qxc3 Qxc3 18. bxc3 Bxe4
$17) (17. exf5 Bxd4 $17) 17... dxe4 18. Nxe4 Nd5 $15 (18... Bxe4 19. Rxe4 Rxe4
20. Qxe4 Qxc3 21. Rc1 Qa5 22. Qxb7 $13)) 17. Ndxe4 Nd7 {[%csl Gb4,Gf5][%cal
Gf5c2,Gb4e1] Schwarz verteidigt sich gegen 18.Nf6+. Er hat die bessere
Bauernstruktur und seine Läufer fesseln die weißen Figuren.} 18. f3 Bf8 $1 {
[%cal Gf8g7,Gg7d4][%mdl 32] Der dunkelfarbige Läufer kann auf g7 Druck auf d4
ausüben und im folgenden kann Schwarz am Damenfluegel mit b5-b4 Raum gewinnen.}
19. Qd2 (19. Rad1 $15) 19... Re6 20. d5 $6 {Mit diesem scheinbar natuerlichen
Zug hilft Weiß dem Gegner - der Turm wird aktiv auf a6.} (20. g4 $5 Bxe4 21.
fxe4 $132) 20... Ra6 {[%cal Gb7b5,Gb5b4] Der Turm steht ausgezeichnet auf a6 -
im folgenden kann Schwarz stark b7-b5 ziehen.} 21. Rad1 Bxe4 $1 {Das ist der
richtige Moment fuer diesen Tausch - jetzt geht 22.Nxe4 nicht, weil Schwarz -
nach dem Damentausch auf d2 - auf a2 nehmen könnte.} 22. Rxe4 (22. fxe4 Ne5 $17
{[%cal Ge5d3,Gf8c5,Gc5g1]}) 22... b5 $17 {[%cal Gb5b4]} 23. Be7 (23. a3 $142
Nc5 24. Re2 Nd3 $17 {[%csl Gd3]}) 23... b4 24. Ne2 (24. Nb1 Bxe7 25. Rxe7 Qc5+
26. Qe3 Rxa2 $19) 24... Bxe7 25. Rxe7 Qc5+ 26. Qe3 (26. Re3 Rxa2 $19 {[%cal
Gc4c3]}) 26... Qxe3+ (26... Rxa2 27. Qxc5 Nxc5 28. Rd4 c3 29. bxc3 b3 $19) 27.
Rxe3 Rxa2 $19 {[%csl Gb4,Gc4,Gd7]} 28. b3 c3 (28... cxb3 $19) (28... c3 $19 {
[%csl Gb4,Gc3]}) 0-1

[Event "EU-ch 3rd"]
[Site "Batumi"]
[Date "2002.06.12"]
[Round "1"]
[White "Gurevich, Mikhail"]
[Black "Gashimov, Vugar"]
[Result "1-0"]
[WhiteElo "2641"]
[BlackElo "2470"]
[Annotator "Ribli,Z"]
[PlyCount "109"]
[EventDate "2002.06.12"]
[EventType "swiss"]
[EventRounds "13"]
[EventCountry "GEO"]
[SourceTitle "CBM 090"]
[Source "ChessBase"]
[SourceDate "2002.09.20"]
[SourceVersion "1"]
[SourceVersionDate "2002.09.20"]
[SourceQuality "1"]

1. Nf3 Nf6 2. c4 e6 3. Nc3 d5 4. d4 Bb4 5. Qa4+ {Diese Fortsetzung wird
relativ selten gespielt - die Alternativen 5.cxd5 exd5 6.Bg5 und 5.Bg5 sind
populärer. Ich muss auch anmerken, dass in diesem Fall (nach 5.Bg5) Schwarz
kann - wenn er will - mit 5...dxc4 die Wiener Variante wählen. Die Idee des
Textzugs besteht darin, dass jetzt Schwarz 5...Nc6 ziehen muss und gewöhnlich
in solchen Stellungen steht der Springer unglücklich vor seinem c7-Bauern.} Nc6
6. e3 O-O (6... Bd7 7. Qc2 a5 8. Bd2 O-O 9. a3 Bxc3 10. Bxc3 $14) 7. Bd2 {
Jetzt wir haben eine Stellung, die an der Grenze der Ragozin-Verteidigung und
der Nimzoindische Verteidigung steht. Eine gewöhnliche Idee in beiden
Eröffnungen besteht darin, dass Schwarz das Läuferpaar abgeben kann (mit Bxc3)
und stark das wichtige Zentrumsfeld e4 kontrolliert.} Re8 {Mit diesem Zug
bereitet Schwarz Bf8 vor.} (7... a6 8. Qc2 (8. Rd1 dxc4 9. Bxc4 Bd6 10. a3 Qe7
11. Qc2 e5 12. d5 Nb8 13. e4 Nbd7 14. Be2 Nh5 15. g3 Nb6 16. a4 Bg4 17. h3 Bd7
18. Nh2 Nf6 19. Ng4 Nxg4 20. hxg4 {1/2-1/2 Hansen,L-Gulko,B/Copenhagen 2000/
CBM 77 ext (43)}) (8. a3 Be7 (8... Bxc3 9. Bxc3 Ne4 10. Qc2 Nxc3 (10... Qe7 11.
Bd3 Nxc3 12. Qxc3 dxc4 13. Bxc4 Re8 14. Rd1 {1-0 Krasenkow,M-Filippov,V/Batumi
1999/CBM 74 (58) '+/=' Krasenkow,M.}) 11. Qxc3 Re8 12. Rd1 Bd7 13. Bd3 dxc4 14.
Bxc4 Ne7 {1/2-1/2 Krasenkow,M-Kortschnoj,V/Batumi 1999/CBM 74 (21)}) 9. Qc2 h6
(9... dxc4 10. Bxc4 Bd6 11. Ne4 e5 12. Nxd6 cxd6 13. Bc3 e4 14. d5 Na5 15. Ba2
exf3 16. gxf3 b5 17. Rg1 Nc4 18. O-O-O Ne8 {1/2-1/2 Gurevich,M-Dorfman,J/
Germany 2001/CBM 82 ext (44)}) 10. Rd1 b6 11. Bc1 Bb7 12. Bd3 Na5 13. c5 $16
bxc5 14. dxc5 Nd7 15. b4 Nc6 16. O-O Bf6 17. e4 d4 18. Ne2 Qe7 19. Bc4 Rfd8 20.
Bb2 e5 {1/2-1/2 Savchenko,S-Piket,J/Ohrid 2001/CBM 84 (39)}) 8... dxc4 9. Bxc4
Bd6 10. Ne4 Nb4 11. Qb1 Nxe4 12. Qxe4 Bd7 13. O-O Bc6 14. Qg4 Nd5 15. Ne5 Bxe5
16. dxe5 Nb6 17. Bb4 h5 18. Qxh5 Nxc4 19. Rfd1 Qe8 20. Rd4 b5 21. b3 f6 22.
Qxe8 Rfxe8 23. bxc4 {1-0 Krasenkow,M-Kortschnoj,V/Essen 2002/CBM 90(53)}) (7...
dxc4 $5 8. Bxc4 Bd6) 8. a3 (8. Rd1 a6 9. Qc2 h6 10. a3 Bd6 11. h3 (11. Bc1 Bd7
12. h3 dxc4 13. Bxc4 e5 14. d5 Ne7 15. e4 Ng6 16. O-O Nh5 17. Kh2 b5 {0-1
Malakhatko,V-Aleksandrov,A/Herceg Novi 2001/CBM 82 ext (47)}) 11... dxc4 12.
Bxc4 e5 13. d5 Ne7 14. e4 Ng6 15. Be3 b5 16. Be2 Bd7 17. O-O Nh5 18. Nh2 Nhf4
19. Bg4 Bxg4 20. hxg4 Qh4 21. f3 h5 {0-1 Damljanovic,B-Mitkov,N/Leon 2001/CBM
86 no vc (56)}) 8... Bf8 (8... Bd6 9. c5 $14) (8... Bxc3 9. Bxc3 Ne4 10. Rc1
$14 {Schwarz hat eine etwas passive Stellung - er hat keine besonderen
Schwächen, aber sein c6N steht schlecht.}) 9. Rd1 a6 (9... dxc4 10. Bxc4 Bd7
11. Qc2 $14) 10. Be2 (10. Qc2 $14) 10... dxc4 11. Bxc4 Bd6 {Mit diesem Zug
bereitet Schwarz e6-e5 vor.} (11... e5 12. Ng5 Re7 13. d5 $14) 12. Qc2 h6 (
12... e5 13. Ng5 Rf8 (13... Re7 $2 14. Nd5 $18) 14. Nd5 g6 15. Nxf6+ Qxf6 16.
Ne4 $14) 13. Ne2 (13. O-O e5 14. d5 (14. dxe5 Nxe5 15. Nxe5 Bxe5 16. Ne2 Ne4
$11) 14... Ne7 15. e4 Ng6 $132) 13... Qe7 (13... e5 14. dxe5 Nxe5 15. Nxe5 Bxe5
16. Bb4 Nd7 $14 (16... Bd7 17. Qb3 $18 {[%csl Rf7][%cal Rb3g8]})) 14. Nf4 {
So verhindert Weiß die Ausgleichsmöglichkeit e6-e5, aber im folgenden muss er
mit einem Doppelbauern weiterspielen.} (14. O-O e5 15. dxe5 Nxe5 16. Nxe5 Qxe5
17. Ng3 Bg4 $11) 14... Bxf4 (14... e5 $2 15. Ng6 {[%cal Gc4g8]}) 15. exf4 $14 {
[%csl Gc4,Gd2,Gd4,Gf4] Für den Doppelbauern auf der f-Linie hat Weiß das
Läuferpaar und Raumvorteil im Zentrum.} Rd8 (15... Nd5 16. O-O Bd7 17. Rfe1 $14
) 16. O-O Nd5 {[%csl Gd5] Schwarz kontrolliert stark das wichtige Zentrumsfeld
d5, aber sein Läufer hat Entwicklungsprobleme.} 17. Ba2 {[%cal Ga2b1,Gb1h7]
Weiß bereitet den Zug 18.Bb1 vor und möchte die schwarze Königsstellung
schwächen.} (17. Rfe1 $14) 17... Qd6 18. Bb1 f5 $6 {Dieser Zug gefällt mir
nicht, da er den Punkt e5 und den e6-Bauern schwächt. Aber es ist verständlich,
dass Schwarz die Drohungen auf der b1-h1 Diagonale auf ewig verhindern möchte.}
(18... g6 19. f5 $36 {[%cal Gd2h6]}) (18... Nf6 $5 19. Rfe1 $14) 19. Ba2 {
[%mdl 32] Der Mohr hat seine Schuldigkeit getan, der Mohr kann gehen. Der
Läufer geht zurück auf die a2-g8-Diagonale.} b6 (19... Nxf4 20. Bxf4 Qxf4 21.
d5 $16) 20. Rfe1 Bb7 21. Qd3 Re8 (21... Nxf4 22. Qxf5 $16) 22. b4 Kh8 23. Bc4 {
Mit diesem Zug möchte Weiß entweder den Zug 23...b5 provozieren oder den
a8-Turm beschäftigen, da der Turm den a6-Bauern verteidigen muss.} b5 24. Bb3
Rad8 25. h3 Nf6 26. Be3 {Stufenweise verbessert Weiß seine Stellung, weil
Schwarz keinen guten Spielplan hat.} Ne7 27. Ne5 {[%csl Ge5][%cal Re5f7,Rf7d8,
Rf7d6,Rf7h8]} Kg8 {[#]} 28. d5 $1 $16 {[%mdl 64] Ein sehr schöner Zug -
Schwarz hatte sehr starke Kontrolle über das Feld d5 und trotzdem... Die weiße
Drohung ist einfach 29.Bc5 mit Damenfang.} Nd7 (28... Nexd5 29. Bc5 {[%csl Rd6]
} Nxf4 30. Qc2 $18) (28... Nfxd5 29. Bc5 $18) (28... Bxd5 29. Bc5 $18) (28...
exd5 29. Bc5 Qe6 30. Ng6 $18 {[%csl Re6][%cal Re1e7]}) 29. dxe6 (29. Nf7 $5
Kxf7 30. dxe6+ Kf8 31. Qxd6 cxd6 32. exd7 Rxd7 33. Be6 Rc7 (33... Rdd8 34. Bb6
$16) 34. Rxd6 $16) 29... Nxe5 30. Qxd6 cxd6 (30... Nf3+ 31. gxf3 cxd6 (31...
Rxd6 32. Bc5 $18) 32. Kg2 d5 33. Bc5 $16) 31. fxe5 d5 {Schwarz möchte die
Stellung - wenn möglich - geschlossen halten.} (31... dxe5 32. Rd7 $18) 32. f4
{Weiß hat einen Bauern mehr, aber der Gewinn ist technisch nicht so einfach,
da Schwarz eine Blockadestellung hat. Mit dem Textzug sichert Weiß seinen
e5-Bauern.} (32. Bb6 Rc8 33. Bc5 $16) (32. Bc5 $16) 32... Ng6 33. Bb6 (33. g4
$16) 33... Rc8 34. g3 (34. Bxd5 $2 Bxd5 35. Rxd5 Nxf4 $11 {[%cal Gf4e6,Gf4d5]})
34... Rxe6 35. Rxd5 $1 Bxd5 (35... Rxb6 36. Rxb5+ $18 {[%cal Rb3g8,Rb5b6]}) 36.
Bxd5 Kf7 37. Rd1 $1 (37. Bxe6+ Kxe6 38. Rd1 Rc6 39. Bc5 $16) 37... Nf8 (37...
Rcc6 38. Bc5 $1 $16 (38. Bxc6 Rxc6 39. Rd7+ Ke8 (39... Ke6 $2 40. Rxg7 $18) 40.
Rd8+ Ke7 41. Rb8 $16)) 38. Bc5 $1 Rd8 39. Bd6 (39. Kf1 Ke8 40. Ke2 $18) 39...
Ke8 40. Bb7 $1 {[%csl Ra6,Rb5] Das weiße Läuferpaar "arbeitet" viel in dieser
Partie. Der Textzug ist stark - Weiß beschäftigt sich nicht mit dem Nehmen des
e6-Turms, sondern er kann ruhig die schwarzen Bauern am Damenflügel gewinnen.}
(40. Bxe6 Nxe6 41. Rc1 $16) 40... Kf7 41. Bxa6 Ra8 42. Bxb5 Rxa3 43. Bc4 Rxg3+
44. Kf2 Rc3 (44... Rxh3 45. Bxf8 $18) 45. Bd5 {[%csl Gd5,Gd6] Wie früher - die
weiße Drohung ist 46.Bxf8.} Ng6 46. Rd4 {Weiß ist konsequent - er nimmt nicht
den e6-Turm.} Nh4 47. b5 $18 {[%csl Gb5] Der weiße b-Freibauer, mit der
Unterstützung des Läuferpaars, entscheidet die Partie.} Rc2+ 48. Kf1 Rc1+ 49.
Ke2 Rb1 50. Rb4 (50. Ra4 $18) 50... Rxb4 51. Bxb4 g5 52. b6 Ng6 53. Bxe6+ Kxe6
54. b7 Nxf4+ 55. Kf1 1-0

[Event "EU-ch 3rd"]
[Site "Batumi"]
[Date "2002.06.24"]
[Round "12"]
[White "Zhukova, Natalia"]
[Black "Bagirov, Rufat"]
[Result "1-0"]
[WhiteElo "2425"]
[BlackElo "2516"]
[Annotator "Ribli,Z"]
[PlyCount "103"]
[EventDate "2002.06.12"]
[EventType "swiss"]
[EventRounds "13"]
[EventCountry "GEO"]
[SourceTitle "CBM 090"]
[Source "ChessBase"]
[SourceDate "2002.09.20"]
[SourceVersion "1"]
[SourceVersionDate "2002.09.20"]
[SourceQuality "1"]

1. d4 d5 2. c4 e6 3. Nf3 Nf6 4. Nc3 Bb4 5. Bg5 Nbd7 6. cxd5 exd5 7. e3 {
Das ist die klassische Fortsetzung - Weiß kann sich mit Bd3, Qc2 entwickeln,
wie seinerzeit von Alekhine gespielt wurde.} c5 8. Bd3 Qa5 9. Qc2 c4 10. Bf5
O-O 11. O-O Re8 12. Nd2 g6 13. Bh3 Bxc3 {Schwarz tauscht seinen
schwarzfeldrigen Läufer, das ist ein typisches Motiv in dieser Variante. Im
Gegenzug bekommt er die Kontrolle über das Feld e4.} (13... Kg7 14. Rae1 $14 (
14. a3)) 14. Qxc3 (14. bxc3 Ne4 15. Nxe4 dxe4 16. Bxd7 Bxd7 17. Bf4 Bc6 $11)
14... Qxc3 15. bxc3 {Weiß hat eine starke Zentrumstellung und später kann er
mit f3-e4 sprengen. Andererseits ist sein Läuferpaar (noch) nicht stark, da
die Stellung einen geschlossenen Charakter hat.} Ne4 16. Nxe4 dxe4 17. Bg4 {
[%cal Gg4e2] Weiß muss sein Läuferpaar auf dem Brett halten.} (17. Rfb1 Nb6 18.
Bxc8 Raxc8 19. a4 Nd5 {[%csl Gd5]} 20. Rxb7 Nxc3 $15) 17... Nb6 18. Be2 Be6 19.
Rab1 $5 {[%cal Gb1b7] Mit diesem Zug fesselt Weiß - wegen der Schwächung des
Bauern b7 - den Nb6.} Rac8 (19... Nd5 $6 20. Rfc1 $14 {[%csl Rb7,Rc4]}) 20.
Rfc1 {Verteidigt c3 und beabsichtigt a2-a4. Das sofortige 20.a4 wäre ganz
schlecht wegen 20...Nxa4 und es hängt der c3P.} Rc7 21. Bf4 Rd7 22. Be5 {
[%csl Ge5][%cal Ge5h8] Der e5B dominiert auf dem Brett - die dunkelfarbigen
Punkte sind schwach in der schwarzen Stellung.} Rc8 (22... Kf8 {Die Strategie
dieses Zuges ist die Verjagung des e5-Läufers mit Ke7 und f6.}) 23. Bd1 {
[%cal Ga2a4] Nach 19.Rab1!? war die weiße Strategie einfach - er möchte den
Zug Nd5 verhindern, anderseits will Schwarz den Zug Nd5 ausführen.  23...Nd5
wäre nun schlecht, da der d1B auf a4 erscheint und Weiß Material gewinnt.} Bd5
(23... h5 24. f3 Bd5 25. Kf2 Re7 26. Bc2 Nd7 27. Bd6 Re6 28. fxe4 Bxe4 29. Bxe4
Rxe4 30. Rxb7 Nf6 31. Kf3 {1-0 Ivanov,J-Vilar Lopez,M/Andorra 2001/CBM 83 ext 
(68)}) (23... Nd5 $2 24. Ba4 $1) 24. a4 {[%cal Ga4a5]} Bc6 25. Rb4 $14 {
[%csl Gd1,Ge5] Schwarz hat einige Probleme mit der Figurenkoordination.} (25.
a5 Nd5 $11) 25... Rd5 (25... f6 26. Bg3 $14 (26. Bxf6 Nd5 {[%cal Rd5b4,Rd5f6]}
27. Be5 Nxb4 28. cxb4 $44 {[%csl Gd1,Ge5][%cal Rd1g4,Rg4c8]})) 26. Ra1 Nd7 $6 (
26... Ra5 $5) 27. Bg3 a5 28. Rb2 $1 {Weiß nimmt nicht den c4-Bauern, sondern
er möchte 29.Be2 spielen. Es ist nicht leicht für Schwarz den c4 zu
verteidigen.} (28. Rxc4 Nb6 29. Rc5 Rxc5 30. dxc5 Nc4 $44) 28... b6 (28... Nf6
29. Be2 $16 {[%csl Rc4]}) 29. Bg4 $1 {[%mdl 32] Jetzt droht 29.Bxd7 und 30.
Rxb6, so muss Schwarz seine Stellung schwächen.} f5 30. Be2 Bb7 31. Rab1 {
[%csl Rb6][%cal Gb1b7,Gg3b8] Weiß hat deutlichen positionellen Druck am
Damenflügel. Schwarz muss auch mit dem Qualitätsopfer auf b6 rechnen.} Rc6 32.
Bh4 Kf7 (32... Rc8 33. Bg5 $14 {[%cal Gh2h4,Gh4h5]} (33. Rxb6 Nxb6 34. Rxb6 Rd7
(34... Ba8 35. f3 $44 (35. Be7 $44 {[%cal Ge7c5]})) 35. Rb5)) 33. Bd8 $5 Rdd6
34. d5 $6 {Dieses Bauernopfer ist schön, aber nach guter schwarzer
Verteidigung hätte Weiß keinen Vorteil.} (34. h4 $14) 34... Rxd5 $6 {Dieser
automatische Zug ist nicht die beste Möglichkeit für Schwarz. Der Turm steht
schlecht auf d5.} (34... Rc5 $1 35. Bxb6 Nxb6 36. Rxb6 Rxb6 37. Rxb6 Bxd5 $11)
35. Bxb6 {[%csl Yd4][%cal Gb6d4]} Ba6 (35... Nxb6 36. Rxb6 Rxb6 37. Rxb6 $16 {
[%cal Rb6b7,Re2c4,Rc4f7]}) 36. Bd4 $16 {[%csl Gd4][%cal Gb1b8] In der ganzen
Partie war der dunkelfarbige Läufer eine aktive Figur in der weißen Stellung,
aber auf d4 hat er sein Maximum an Aktivität.} Ke7 37. f3 $1 {Bis jetzt
spielte Weiß hauptsächtlich am Damenflügel - nun kommt Aktivität am
Königsflügel hinzu.} Nc5 (37... Nf6) 38. Bd1 h5 (38... Nd3 39. Rb8 $16) 39. Rb8
{[%mdl 2048]} Ne6 (39... Rc8 40. Rxc8 Bxc8 41. Rb5 $16) 40. fxe4 fxe4 41. Bc2
Nc5 (41... Nxd4 42. exd4 $16 {[%csl Re4]}) 42. R1b6 Rdd6 (42... Kd6 $2 43. Rd8+
Nd7 (43... Kc7 44. Rxd5 Kxb6 45. Bxe4 $18) 44. Rxc6+ Kxc6 45. Bxe4 $18) 43.
Bxc5 (43. Rxc6 Rxc6 44. Bxc5+ Rxc5 45. Rb6 $16 {[%cal Rb6a6,Rb6g6]}) 43... Rxc5
44. Rxd6 Kxd6 45. Rb6+ Rc6 46. Rxc6+ Kxc6 47. Bxe4+ $18 {[%cal Re4c6,Re4g6]
Nach Vereinfachungen hat Weiß schon einen Bauern mehr und es hängt der g6P 
(und h5P) auch.} Kd6 48. Bxg6 Ke5 49. Bxh5 (49. Kf2 $18) 49... Ke4 50. Kf2 Kd3
51. Bg6+ Kxc3 52. h4 {[%csl Gh4][%cal Gh4h5]} 1-0